000 00817nam a2200253 i 4500
001 bg
100 1 _aStefaniak, Jadwiga.
245 0 _aZakładowy fundusz świadczeń socjalnych /
_cJadwiga Stefaniak.
260 _aWarszawa :
_bWydawnictwo "Wiedza i Praktyka",
_ccop. 2005.
300 _a70, [2] s. ;
_c21 cm
500 _aU dołu s. tyt. i okł.: Dodatkowo: odpowiedzi na najczęściej zadawane pytania.
650 9 _aAkcja socjalna
_xprawo
_zPolska
_ystan na 2005 r.
650 9 _aFundusz zakładowy
_xprawo
_zPolska
_ystan na 2005 r.
655 _aPoradniki
020 _a8374680687
040 _cBPK
041 0 _apol
044 _aPOL
080 _a349.3+349.23/.24:658.14/.17:331.34](438)
920 _a83-7468-068-7
942 _cKS
008 s pl f |000 0 pol
999 _c49572
_d49572
856 _uhttp://koha.tu.koszalin.pl/cgi-bin/koha/opac-detail.pl?biblionumber=49572
_yKatalog online BPK